Port Capitals - Statistics

General Stats
  • This quiz has been taken 11 times
  • The average score is 5 of 6
Answer Stats
Answer % Correct
Port Moresby
89%
Port-of-Spain
89%
Port-au-Prince
78%
Port Louis
78%
Porto Novo
78%
Port Vila
67%
No matching quizzes found
Score Distribution
Percent of People with Each Score
Percentile by Number Answered
Your Score History
You have not taken this quiz